Legenda o Lutheru Arkwrightovi /

Další pokračování grafického sci-fi eposu, jenž se stal významným milníkem komiksové tvroby.

Main Author: Talbot, Bryan, 1952-
Other Authors: Niklíčková, Alexandra, 1978-
Language: Czech
Published: Praha : Comics Centrum, [2023]
Edition: První české vydání
Physical Description: 234 stran : ilustrace ; 33 cm
Book
Saved in:
LEADER 02136nam a2200469 i 4500
001 nkc20233525002
003 CZ PrNK
005 20230719182142.0
007 ta
008 230609t20232023xr a g 6 000 1 cze
015 |a cnb003525002 
020 |a 978-80-7652-120-9  |q (vázáno) 
035 |a (OCoLC)1393197680 
040 |a ABG001  |b cze  |e rda 
041 1 |a cze  |h eng 
072 7 |a 741.52  |x Komiksy. Komiksové adaptace  |2 Konspekt  |9 21 
080 |a 741.52(0:82-321.9)  |2 MRF 
100 1 |a Talbot, Bryan,  |d 1952-  |7 js20051226009  |4 aut  |4 ill 
240 1 0 |a Legend of Luther Arkwright.  |l Česky 
245 1 0 |a Legenda o Lutheru Arkwrightovi /  |c Bryan Talbot ; překlad Alexandra Niklíčková 
250 |a První české vydání 
264 1 |a Praha :  |b Comics Centrum,  |c [2023] 
264 4 |c ©2023 
300 |a 234 stran :  |b ilustrace ;  |c 33 cm 
336 |a text  |b txt  |2 rdacontent 
336 |a statický obraz  |b sti  |2 rdacontent 
337 |a bez média  |b n  |2 rdamedia 
338 |a svazek  |b nc  |2 rdacarrier 
500 |a Přeloženo z angličtiny 
520 2 |a Další pokračování grafického sci-fi eposu, jenž se stal významným milníkem komiksové tvroby.  |b Luthera Arkwrighta, bytost s obrovskou psychickou silou, schopnou procházet multiversem nekonečných existencí, pronásleduje daleko silnější protivník napříč mnoha historicky odlišnými paralelními světy, utopickými i dystopickými a pouze Arkwrightovi zkušenosti a síla vůle dávají všem naději, že se podaří odvrátit zánik lidstva. Nakladatelská anotace. 
521 8 |a Pro čtenáře od 16 let (kniha obsahuje vyobrazení násilných, hororových a sexuálních scén) 
655 7 |a sci-fi komiksy  |7 fd1057483  |2 czenas 
655 9 |a science fiction comics  |2 eczenas 
700 1 |a Niklíčková, Alexandra,  |d 1978-  |7 mzk2013751044  |4 trl 
787 0 8 |i Z cyklu:  |t Luther Arkwright  |g 3 
910 2 |a BOA001  |b 4-1509.916 
920 |a 4711006  |z ABG001 
928 9 |a Martin Trojan 
990 |a BK 
995 |a 01 
991 |b 202307  |c NOV 
996 6 |b 2610942906  |c 4-1509.916  |l MZK  |r Sklad / do 1 hodiny  |n 0  |p p.v.  |w 001931816  |u 000010  |a 1  |e BOA001  |j MZK50  |s P